Human resource management : theory and practice

Saved in:
Bibliographic Details
Main Author: Bratton, John
Other Authors: Gold, Jeffrey
Format: Book
Language:English
Published: New York : Palgrave, c2007
Subjects:
Tags: Add Tag
No Tags, Be the first to tag this record!

MARC

LEADER 00000nam a2200000 i 4500
001 1/85191
008 080515s2007 eng d
020 |a 978-0-230-00174-9 
020 |a 0-230-00174-2 
035 |l 10097361 
040 |a GR-MY-UA  |b gre  |e aacr 
041 0 |a eng 
082 0 |a 658.3  |2 (22) 
100 1 |a Bratton, John. 
245 1 0 |a Human resource management :  |b theory and practice /  |c John Bratton, Jeff Gold 
260 |a New York :   |b Palgrave,   |c c2007 
300 |a xli, 661 σ. ;  |b έγχρ. εικ.;  |c 25 εκ. 
504 |a Βιβλιογραφία: σ. [589]-630. Ευρετήριο 
650 0 0 |a Personnel management. 
700 1 |a Gold, Jeffrey. 
852 |a INST  |b SYROS  |e 20080515  |h 658.3 BRA  |p 005500005933  |q 005500005933  |t BK  |y 0 
901 |a BIBL5-2008-2 
909 |a Ε  |b 151601 
922 |a 5ΕΛΗ  |b 200803  |c ΕΠΕΑΕΚ2/ΤΜΣΠΣ  |d ΠΑΠΑΣΩΤΗΡΙΟΥ 
970 |a ΚΑΓΙΑΒΑ  |b ΕΙΡΗΝΗ  |z 2008/05/15